000 00693nam a2200229 i 4500
001 15171
003 ES-MaACL
005 20230906151016.0
007 t|
008 000112s1999 sp ||||1| spa d
020 _a84-339-0894-4
080 _a821.111(73)-31"19"
100 1 _aO'Brien, Tim.
_986292
245 1 0 _aEn el lago de los bosques /
_cTim O'Brien ; traducción de María Sonia Cristoff.
260 _aBarcelona :
_bAnagrama,
_c[1999]
300 _a289 p. ;
_c22 cm.
490 1 _aPanorama de narrativas ;
_v424
700 1 _aCristoff, María Sonia.
_941645
830 0 0 _aPanorama de narrativas
_v424
_9123642
852 _aES-MaACL
_jL-22365
_bR.127642
999 _c15171
_d15171